| 000 | 00514nam a2200169 a 4500 | ||
|---|---|---|---|
| 005 | 20140310183454.0 | ||
| 008 | 090806s19uu xx 00 eng d | ||
| 020 | _a9780071486323 | ||
| 050 |
_aHB 615 _b.En4576 2008 |
||
| 245 |
_aEntrepreneur power plays : _bhow the world's most dynamic thinkers reach the top of their game / |
||
| 260 |
_aNew York : _bMcGraw-Hill, _c2008. |
||
| 300 |
_a176 p. : _bill. col. ; _c20 cm. |
||
| 521 | _aBSBA | ||
| 650 | _aEntrepreneur. | ||
| 942 |
_cBK _2lcc _kFOR |
||
| 999 |
_c23548 _d23548 |
||